• 首页
  • 本馆介绍
  • 公告通知
  • 最新文献
  • 馆藏检索
  • 电子资源
  • 读者导购
  • 参考咨询
  • 我的图书馆
  • 登录
  • 详细信息显示
  • 放入我的书架
  • 预约/预借图书
  • 作者相关作品
  • 分类相关作品
  • 丛书相关作品
  • 出版社相关作品

书目信息

  • 表格格式
  • 工作单格式
  • 卡片格式
题名:
表现学
    
 
作者: 孙万鹏 著
分册:  
出版信息: 济南   山东人民出版社  1991.1
页数: 349页
开本: 20厘米
丛书名:
单 册:
中图分类: N94
科图分类:
主题词: 灰色系统--理论
电子资源:
ISBN: 7-209-00808-X
000 00606nam0 2200229 450
001 0100333268
005 20020928000000.0
010    @a7-209-00808-X@dCNY5.30
011    @a7-209-00808-X
100    @a19910729d1991 ekmy0chiy0110 ea
101 0  @achi
102    @aCN@b370000
105    @ay z 000yy
106    @ar
200 1  @a表现学@9Biao Xian Xue @f孙万鹏著@b专著
210    @a济南@c山东人民出版社@d1991.1
215    @a349页@d20厘米
606 0  @a灰色系统@x理论
690    @aN94
701  0 @a孙万鹏@f(1940~)@9sun wan peng@4著
801  0 @aCN@bAiZhiMarc@c19910729
905    @aBZT@dN94@e15@f3@sN94/15
    
    表现学/孙万鹏著.-济南:山东人民出版社,1991.1
    349页;20厘米
    
    
    ISBN 7-209-00808-X:CNY5.30
    
●
相关链接 在五车中查询图书 在当当中查询图书 在豆瓣中查询图书


正题名:表现学     索取号:N94/15         预约/预借

序号 登录号 条形码 馆藏地/架位号 状态 备注
1 2000112591   2000112591   旧书回溯/ [索取号:N94/15] 在馆    
2 2000114993   2000114993   旧书回溯/ [索取号:N94/15] 在馆    
3 2000115393   2000115393   旧书回溯/ [索取号:N94/15] 在馆    
山东省滨州职业学院图书馆 欢迎您!
大连网信软件有限公司© 版权所有